000
00336nam a22001577a 4500
003
SGT
020
_a
978-81-317-1740-0
082
_a
615.19
_b
A17G
100
_a
GERALD,CURTIS,F.
245
_a
APPLIED NUMERICAL ANALYSIS
250
_a
7TH
260
_a
NOIDA
_b
PEARSON
_c
2017
300
_a
609
650
_a
PHARMACY
942
_2
ddc
_c
BK
999
_c
16111
_d
16111